Statistiques concernant Pays du Monde avec un U en deuxième lettre

Cliquez ici pour prendre le quiz!

Statistiques générales

  • Ce quiz a été pris 493 fois
  • Le résultat moyen est 18 sur 22

Statistiques - réponses

Réponse% Correct
Australie
95%
Turquie
94%
Autriche
93%
Russie
89%
Burundi
86%
Guinée
86%
Turkménistan
86%
Suriname
84%
Tunisie
84%
Burkina Faso
83%
Guinée-Bissau
83%
Guinée Equatoriale
82%
Tuvalu
82%
Ouzbékistan
81%
Suisse
80%
Bulgarie
79%
Suède
79%
Guatemala
78%
Ouganda
78%
Cuba
77%
Guyana
73%
Luxembourg
65%

Distribution des résultats

Percentile par nombre de réponses

% des personnes avec chaque résultat

Votre développement - résultats

Vous n’avez pas pris ce quiz